One Border Countries in One Minute - Statistics

General Stats
  • This quiz has been taken 43 times
  • The average score is 11 of 17
Answer Stats
Countries % Correct
Ireland
91%
South Korea
91%
United Kingdom
85%
Canada
82%
San Marino
79%
Vatican City
79%
Monaco
73%
Lesotho
70%
Denmark
64%
Dominican Republic
61%
Haiti
61%
Portugal
61%
Papua New Guinea
58%
Brunei
52%
East Timor
52%
Qatar
52%
Gambia
42%
No matching quizzes found
Score Distribution
Percent of People with Each Score
Percentile by Number Answered
Your Score History
You have not taken this quiz